| 000 | 00474cam a2200169 4500 | ||
|---|---|---|---|
| 001 | D12645 | ||
| 008 | 090401t xxu||||| |||| 00| 0 eng d | ||
| 035 | _a(Sirsi) u4925 | ||
| 041 | _aeng | ||
| 100 | _aDonaldson, T.L. | ||
| 245 | _aHandbook of specifications and practical guide...in drawing up specifications and contracts for works and building part 2 | ||
| 260 |
_aLondon _bAldley and Co _cnd |
||
| 350 | _a0 | ||
| 520 | _aShelf 179 | ||
| 942 | _n0 | ||
| 948 | _c04/03/1997 | ||
| 999 |
_c86088 _d86088 |
||